| 000 | 00794nam a2200265Ia 4500 | ||
|---|---|---|---|
| 001 | Z_1454 | ||
| 003 | CHAP | ||
| 008 | 220113s1993 xx 000 0 und d | ||
| 010 | _a164543 | ||
| 040 | _cCHAP | ||
| 090 | _aTesis L 796 | ||
| 100 |
_aLeón Martínez, José Antonio _966154 |
||
| 245 |
_aCultivo y utilización del pasto kikuyo (Pennisetum clandestinum Hochst) / _cpor José Antonio León Martínez |
||
| 260 |
_aChapingo, Méx. : _bEl autor, _c1993 |
||
| 300 |
_a79 h. : _bilus. |
||
| 502 | _aTesis (Ing. Agr. Esp. en Zootecnia) -- UACH. Departamento de Zootecnia | ||
| 650 | 7 |
_aPastos forrajeros _xRendimiento _2 _986118 |
|
| 650 |
_aPennisetum clandestinum _986706 |
||
| 901 | _aTESIS L 796 | ||
| 902 | _aM | ||
| 910 | _a1993 | ||
| 942 | _c2 | ||
| 942 | _c2 | ||
| 999 |
_c164543 _d164543 |
||